000 nam a22 7a 4500
999 _c7349
_d7349
008 170816b xxu||||| |||| 00| 0 eng d
100 _aCassell Paul
_93887
245 _aMicrosoft Access 2000 in 21 Days
260 _aNew delhi
_bTecgmedia
_c2000